Progressively Harder Country Outlines (Africa) Quiz Stats

Quiz Updated Jun 26, 2017

Score 0/54 Timer 13:00
2 Plays Today
% Correct
Egypt
99.5%
South Africa
97.3%
Madagascar
92.2%
Niger
80.8%
Morocco
80.3%
Libya
77.6%
Somalia
77.1%
Sudan
76.5%
Algeria
75.2%
Ethiopia
71.6%
Democratic Republic of the Congo
70%
Nigeria
69.8%
Chad
68.5%
Kenya
65.5%
Tunisia
64.6%
Mali
64.4%
Ghana
63.5%
Cote d'Ivoire
62.5%
Zimbabwe
61%
Zambia
57.4%
Namibia
56.7%
Senegal
56.7%
Mozambique
55.7%
South Sudan
55.3%
The Gambia
54.7%
Togo
54.7%
Angola
53.9%
% Correct
Seychelles
53.9%
Benin
53.7%
Republic of the Congo
52.5%
Malawi
51%
Cameroon
49.8%
Equatorial Guinea
49.6%
Mauritania
49.3%
Cabo Verde
49.1%
Liberia
49.1%
Comoros
48.3%
Uganda
48%
Central African Republic
48%
São Tomé and Príncipe
47.9%
Eritrea
47.7%
Rwanda
47%
Tanzania
46.6%
Swaziland
46.3%
Guinea
45.9%
Botswana
45.7%
Lesotho
44.8%
Guinea-Bissau
43.9%
Sierra Leone
43.4%
Gabon
42.3%
Burkina Faso
41.1%
Djibouti
40.5%
Burundi
39.5%
Mauritius
35.9%

You're not logged in!

Compare scores with friends on all Sporcle quizzes.
Sign Up with Email
OR
Log In

Show Comments

Extras

Top Quizzes Today


Score Distribution

Your Account Isn't Verified!

In order to create a playlist on Sporcle, you need to verify the email address you used during registration. Go to your Sporcle Settings to finish the process.